Forest biodiversity : lessons from history for conservation

Bibliographic Details
Other Authors: Honnay, O.
Format: Book
Published: Wallingford, Oxfordshire, UK Cambridge, MA, USA : CABI Pub. in association with the International Union of Forestry Research Organizations (IUFRO) , c2004.
Subjects:

MARC

LEADER 00000cam a2200000 7i4500
001 0000003472
005 20060327.0
020 0 0 |a 085199802X 
090 0 0 |a 333.7516   |b FOR 
245 1 0 |a Forest biodiversity :   |b lessons from history for conservation   |c edited by O. Honnay ... [et al.]. 
260 0 0 |a Wallingford, Oxfordshire, UK   |a Cambridge, MA, USA :   |b CABI Pub. in association with the International Union of Forestry Research Organizations (IUFRO) ,   |c c2004. 
300 |a xiii, 285 p. :   |b ill., maps ;   |c 24 cm. 
650 0 0 |a Forest biological diversity conservation   |x Congresses. 
650 0 0 |a Plant diversity conservation   |x Congresses. 
700 1 1 |a Honnay, O. 
999 |a 0000006660   |b Monograph   |c Open Shelf   |e Default branch